Die 10 größten Städte - Estland - Statistiken

Allgemein
  • Dieses Quiz wurde 43 mal gespielt
  • Das Durchschnittsergebnis liegt bei 4 aus 10
Antwortstatistiken
Einwohner Stadt % Korrekt
437.817 Tallinn
100%
95.198 Tartu
81%
40.228 Pärnu
76%
53.955 Narva
57%
15.141 Rakvere
30%
13.034 Kuressaare
24%
33.499 Kohtla-Järve
22%
17.245 Viljandi
19%
16.170 Maardu
14%
12.439 Sillamäe
11%
Keine übereinstimmenden Quizze gefunden
Verteilung der Resultate
Anzahl Personen mit jedem Resultat
Perzentil nach korrekt beantworteten Fragen
Ihre Resultats-Entwicklung
Sie haben dieses Quiz noch nicht gespielt